Teilhard de Chardin y el misterio de Cristo
Gespeichert in:
| 1. Verfasser: | |
|---|---|
| Format: | Buch |
| Sprache: | Spanisch |
| Veröffentlicht: |
Salamanca
Sígueme
1967
|
| Schriftenreihe: | Nueva Alianza, 22
|
| Schlagworte: | |
| Tags: |
Tag hinzufügen
Keine Tags, Fügen Sie den ersten Tag hinzu!
|
MARC
| LEADER | 00000nam a2200000 a 4500 | ||
|---|---|---|---|
| 001 | UCZ6290 | ||
| 003 | CL-VaPUC | ||
| 008 | 951207e19670000SP |||||||||||||||||spa|d | ||
| 082 | 0 | 4 | |a 201 |b MOO |2 21 |
| 100 | |a Mooney, Christopher F. |e autor |9 350540 | ||
| 245 | 1 | 0 | |a Teilhard de Chardin y el misterio de Cristo |
| 300 | |a 295 p | ||
| 942 | |c BK | ||
| 945 | |d 19951207 00:00:00 |a aalvarez | ||
| 260 | |a Salamanca |b Sígueme |c 1967 | ||
| 650 | 0 | |a Filosofía cristiana |9 265980 | |
| 650 | 0 | |a Religión y ciencia |9 314470 | |
| 583 | |a last modification |c 19951207 00:00:00 |k Rodrigo Vera | ||
| 490 | 0 | |a Nueva Alianza, 22 | |
| 999 | |c 242509 |d 242507 | ||
| 952 | |0 0 |1 2 |4 0 |6 201_000000000000000_MOO_1967 |7 0 |8 A |9 255525 |a BIBTEO |b BIBTEO |d 2019-11-19 |i 2022524 |o 201 MOO 1967 |p 2022524 |r 2019-11-19 |w 2019-11-19 |x Descarte 2019 |y BK |k ICR | ||